Tiếng Anh trong tài chính và ngân hàng
Sparad:
| Huvudupphovsman: | |
|---|---|
| Materialtyp: | Bok |
| Språk: | Undetermined |
| Publicerad: |
Hà Nội
Thanh Niên
2000
|
| Ämnen: | |
| Taggar: |
Lägg till en tagg
Inga taggar, Lägg till första taggen!
|
| Thư viện lưu trữ: | Trung tâm Học liệu Trường Đại học Cần Thơ |
|---|
| LEADER | 00537nam a2200169Ia 4500 | ||
|---|---|---|---|
| 001 | CTU_41420 | ||
| 008 | 210402s9999 xx 000 0 und d | ||
| 082 | |a 428.24 | ||
| 082 | |b Th107 | ||
| 100 | |a Thanh Hoa Group | ||
| 245 | 0 | |a Tiếng Anh trong tài chính và ngân hàng | |
| 245 | 0 | |c Thanh Hoa Group | |
| 260 | |a Hà Nội | ||
| 260 | |b Thanh Niên | ||
| 260 | |c 2000 | ||
| 650 | |a english language - textbooks for foreign speakers,english language - vocabulary | ||
| 980 | |a Trung tâm Học liệu Trường Đại học Cần Thơ | ||